101 feuilletons de la télévision française - Statistiques

Statistiques générales
  • Ce quiz a été pris 96 fois
    56 depuis la dernière actualisation
  • Le résultat moyen est 8 sur 100
Statistiques - réponses
Année Feuilleton % Correct
2003 Les liaisons {dangereuses}
63%
1969 Jacquou {le croquant}
45%
1972 Les rois {maudits}
43%
1998 Le comte de {Monte Cristo}
40%
2020 Il a déjà {tes yeux}
30%
2002 L'été {rouge}
30%
2021 Un homme {d'honneur}
30%
2006 {Tombé} du ciel
25%
1979 Le comte {de Monte Cristo}
23%
1972 Les gens {de Mogador}
23%
1975 Michel {Strogoff}
23%
1974 Ardéchois {coeur fidèle}
20%
1981 L'âge {d'or}
20%
1992 Les coeurs {brulés}
20%
1996 Terre {indigo}
20%
2013 Anna {Karénine}
18%
2007 {Guerre et} Paix
18%
1972 La demoiselle {d'Avignon}
18%
1971 {Quentin} Durward
18%
1979 Les dames {de la côte}
15%
1981 Sans {famille}
15%
1977 Au plaisir {de Dieu}
13%
1974 Deux ans {de vacances}
13%
1993 Le château {des oliviers}
13%
1993 Les grandes {marées}
13%
2018 Noces {rouges}
13%
2004 Z {Zodiaque}
13%
1984 Des {grives aux} loups
10%
1990 Fleur {bleue}
10%
1993 Les maîtres {du pain}
10%
2001 M {Méditerranée}
10%
1974 Les faucheurs {de Marguerite}
8%
2021 Une affaire {française}
8%
2005 D'Artagnan {et les trois mousquetaires}
5%
1979 La lumière {des justes}
5%
1973 La {porteuse de} pain
5%
1963 Le chevalier de {Maison rouge}
5%
1990 Le mari {de l'ambassadeur}
5%
2022 Les hautes {herbes}
5%
1965 Belphégor {ou le fantôme du Louvre}
3%
1977 D'Artagnan {amoureux}
3%
1979 F {Fantomas}
3%
1978 Gaston {Phebus}
3%
2021 G {Germinal}
3%
1973 Joseph {Balsamo}
3%
1995 La rivière {Espérance}
3%
1964 Le chevalier {Bayard}
3%
1972 | 2000 Les {Misérables}
3%
1998 Les moissons {de l'océan}
3%
1999 Les {Steenfort} maitres de l'}orge
3%
2010 Les Vivants {et les Morts}
3%
1979 L'étrange {Monsieur Duvallier}
3%
1966 L'île {au trésor}
3%
1981 N {Nana}
3%
1995 Belle {époque}
0%
1976 Ces beaux {messieurs de Bois Doré}
0%
2008 D {Disparitions}
0%
2015 D {Disparue}
0%
2020 De Gaulle, {l'éclat et le secret}
0%
1976 Fachoda {la mission Marchand}
0%
2006 Fête {de famille}
0%
2002 G {Garonne}
0%
2018 J'ai {deux amours}
0%
1969 Jean {Roch Coignet}
0%
1988 La {chaîne}
0%
1989 La comtesse {de Charny}
0%
1971 La dame {de Monsoreau}
0%
1981 La double {vie de Théophraste Longuet}
0%
1973 La duchesse {d'Avila}
0%
2005 L'affaire {Villemin}
0%
2020 La {Garçonne}
0%
1980 La {Traque}
0%
1976 La vie {de Marianne}
0%
2007 Le clan {Pasquier}
0%
1989 Le grand {secret}
0%
1989 Le prisonnier {du château d'If}
0%
1972 Les {Boussardel}
0%
2022 Les {Combattantes}
0%
1966 Les compagnons {de Jéhu}
0%
2009 Les {Corbeaux}
0%
2000 Les {Déracinés}
0%
1981 Les fiancés {de l'Empire}
0%
2018 Les {impatientes}
0%
1972 Les {Thibault}
0%
1980 Les {Visiteurs}
0%
2006 L'état {de grâce}
0%
1972 L'homme qui {revient de loin}
0%
1973 L'homme {sans visage}
0%
1993 Maria {des eaux vives}
0%
2000 Marie-{Tempête}
0%
1972 M {Mandrin}
0%
2002 N {Napoléon}
0%
2001 Paris {à tout prix}
0%
2014 P'tit {Quinquin}
0%
2014 R {Résistance}
0%
1975 Splendeurs {et misères des courtisanes}
0%
1996 Sud {lointain}
0%
1997 Une femme {en blanc}
0%
2018 Victor Hugo, {ennemi d'Etat}
0%
Aucun quiz correspondant
Distribution des résultats
% des personnes avec chaque résultat
Percentile par nombre de réponses
Votre historique - résultats
Vous n’avez pas pris ce quiz depuis la dernière actualisation